000 00397nam a2200157Ia 4500
008 221030s9999 xx 000 0 und d
041 _aEnglish
082 _a105.23
_bJain
100 _aM. K. Jain
245 0 _aOrganic Chemistry
_cby M. K. Jain , S. C. Sharma
260 _bShoban Lal Nagin
_aJalandhar
_c2003
300 _a307
650 _aBB Chemistry
700 _aS. C. Sharma
942 _cBK
999 _c1266
_d1266